Datum a čas kvízu
19
Celkem bodů
Celkový počet nahraných bodů na tomto kvízu bez doplňovacích otázek.
7.
Pořadí na kvízu
Konečné umístění týmu na tomto kvízu.
Zaznamenané odpovědi
| # | Otázka | Odpověď | Body | Výsledky |
|---|---|---|---|---|
| 1. | V celém speciálu platí, že pok... | The Kinks, You Really Got Me | 0.5 | |
| 2. | Uveďte pseudonym tohoto brits... | David Bowie (Ziggy Stardust), Starman | 0 | |
| 3. | Tři z následujících čtyř obráz... | A | 0 | |
| 4. | Mr. Mojo Risin' je přezdívka,... | Jim Morrison | 1 | |
| 5. | Přiřaďte kapely k tvrzením, kt... | 1A 2C 3B 4D | 1 | |
| 6. | I když vám nyní pustíme pouze... | Team, Malá nočná búrka | 0 | |
| 7. | Seřaďte chronologicky tato alb... | B D A C | 0 | |
| 8. | Nyní doplňte tři slova, která... | v hlavě kocovina | 0 | |
| 9. | Na kterém v Česku pořádaném fe... | Masters of Rock | 1 | |
| 10. | Který kytarista hraje v této n... | Radim Hladík | 0 |